A kiégés jelensége és jelenlétének vizsgálata egy magyarországi szolgáltató központ munkavállalóinak körében

Bibliográfiai részletek
Szerző: Jávori Zoltán
További közreműködők: Réthi Dr. Gábor
Dokumentumtípus: Diplomadolgozat
Kulcsszavak:kiégés
Változásmenedzsment
Stressz
Online Access:http://dolgozattar.uni-bge.hu/17313

MARC

LEADER 00000nta a2200000 i 4500
001 dolg17313
005 20180516160359.0
008 180516suuuu hu om 000 hun d
040 |a BGE Dolgozattár Repozitórium  |b hun 
041 |a hu 
100 1 |a Jávori Zoltán 
245 1 2 |a A kiégés jelensége és jelenlétének vizsgálata egy magyarországi szolgáltató központ munkavállalóinak körében  |c Jávori Zoltán  |h [elektronikus dokumentum] 
695 |a kiégés 
695 |a Változásmenedzsment 
695 |a Stressz 
700 1 |a Réthi Dr. Gábor  |e ths 
856 4 0 |u http://dolgozattar.uni-bge.hu/17313/1/FINAL_format_BPUH5C_JAVORI_SZAKDOLGOZAT.pdf  |z Dokumentum-elérés